000 00621nam a2200205 u 4500
005 20241030063734.0
008 140922s2010 r 000 0 eng d
020 _a970628964X
035 _aUPN01000199719
049 _aCG
050 4 _aHG3916
_bC3.4
245 0 0 _aCaleidoscopio de las remesas en México y en el mundo /
_bcoord. Carlos Galindo.
260 _aMéxico :
_bCONAPO,
_c2010.
300 _a195 p. :
_bgráfs., cuadros, mapas
650 2 _aRemesas de emigrantes
_zMéxico
_923790
650 4 _aREMESAS DE EMIGRANTES
_923789
700 1 _aGalindo, Carlos,
_ecoord.
905 _aLibro
999 _c171820
_d171820